[Event "Namangan op"]
[Site "Namangan"]
[Date "2025.06.03"]
[Round "8"]
[White "Khalilov, Abdumalik"]
[Black "Ortikov, Sherali"]
[Result "0-1"]
[WhiteElo "2001"]
[BlackElo "1901"]
[PlyCount "84"]
[EventDate "2025.05.29"]
[EventType "swiss"]
[EventRounds "9"]
[EventCountry "UZB"]
[SourceTitle "CB23_2025"]
[SourceDate "2025.06.04"]
[SourceVersion "1"]
[SourceVersionDate "2025.06.04"]
[SourceQuality "1"]

1. e4 e6 2. d4 d5 3. Nd2 c5 4. Ngf3 cxd4 5. exd5 Qxd5 6. Bc4 Qd6 7. 0-0 Nf6 8. Nb3 Nc6 9. Nbxd4 Nxd4 10. Nxd4 a6 11. Re1 Qc7 12. Bb3 Bd6 13. Nf5 Bxh2+ 14. Kh1 0-0 15. Nxg7 Rd8 16. Qf3 Kxg7 17. Bh6+ Kg6 18. c4 Nh5 19. Be3 f5 20. Qh3 Bf4 21. g4 Nf6 22. gxf5+ exf5 23. Rg1+ Kf7 24. c5+ Be6 25. Bxe6+ Kxe6 26. Rae1 Kf7 27. Bxf4 Qxf4 28. Qb3+ Kf8 29. Rg3 Re8 30. Reg1 Ng4 31. Rf1 Re7 32. Rg2 Rae8 33. Qc3 Qh6+ 34. Kg1 Qf6 35. Qa5 Rg7 36. Qb4 Kg8 37. Qa4 Qe7 38. Kh1 Kh8 39. f3 Nf6 40. Rfg1 Reg8 41. Rxg7 Rxg7 42. Rd1 Ng8 0-1

[Event "Namangan op"]
[Site "Namangan"]
[Date "2025.06.02"]
[Round "7"]
[White "Ashikmamutov, Saidkhon"]
[Black "Khalilov, Abdumalik"]
[Result "1/2-1/2"]
[WhiteElo "2046"]
[BlackElo "2001"]
[PlyCount "50"]
[EventDate "2025.05.29"]
[EventType "swiss"]
[EventRounds "9"]
[EventCountry "UZB"]
[SourceTitle "CB23_2025"]
[SourceDate "2025.06.04"]
[SourceVersion "1"]
[SourceVersionDate "2025.06.04"]
[SourceQuality "1"]

1. e4 e6 2. Nc3 d5 3. Nf3 Nf6 4. e5 Nfd7 5. d4 c5 6. dxc5 Nc6 7. Bf4 Bxc5 8. Bd3 Be7 9. h3 Nc5 10. Be2 0-0 11. 0-0 f6 12. Bh2 fxe5 13. Nxe5 Bd6 14. Nd3 Bxh2+ 15. Kxh2 Nxd3 16. Bxd3 Qh4 17. Qe2 Bd7 18. Rae1 Rf7 19. Qg4 Qh6 20. Qg3 Raf8 21. a3 Nd4 22. Ne2 Nc6 23. Nc3 Nd4 24. Ne2 Nc6 25. Nc3 Nd4 1/2-1/2